Pequeño Mozart: iniciación musical. Recopilación de canciones y actividades para iniciar al niño en la música
Uloženo v:
| Hlavní autoři: | , |
|---|---|
| Médium: | Kniha |
| Jazyk: | španělština |
| Vydáno: |
Santiago
Universitaria
2009
|
| Vydání: | 1a. ed |
| Témata: | |
| Tagy: |
Přidat tag
Žádné tagy, Buďte první, kdo vytvoří štítek k tomuto záznamu!
|
MARC
| LEADER | 00000nam a2200000 a 4500 | ||
|---|---|---|---|
| 001 | UCH9568 | ||
| 003 | CL-VaPUC | ||
| 008 | 100114e20090000CL |||||||||||||||||spa|d | ||
| 020 | |a 9789561120570 | ||
| 082 | 0 | 4 | |a 8 |b BAE |2 21 |
| 100 | 0 | |a Baeriswyl Rada, María Inés |e author |9 546728 | |
| 700 | 0 | |a Brantmayer Barrera, Betty |e author |9 546729 | |
| 245 | 1 | 0 | |a Pequeño Mozart: iniciación musical. Recopilación de canciones y actividades para iniciar al niño en la música |
| 250 | |a 1a. ed | ||
| 300 | |a 103 p | ||
| 942 | |c BK | ||
| 945 | |d 20100114 00:00:00 |a cmena | ||
| 260 | |a Santiago |b Universitaria |c 2009 | ||
| 650 | 0 | |a Música |9 306269 | |
| 650 | 0 | |a Educación musical |9 310072 | |
| 650 | 0 | |a Estudio e instrucción |9 306288 | |
| 650 | 0 | |a Niños |9 255605 | |
| 650 | 0 | |a Música infantil |9 309324 | |
| 583 | |a last modification |c 20100114 00:00:00 |k Rodrigo Vera | ||
| 999 | |c 339489 |d 339487 | ||
| 952 | |0 0 |1 0 |4 0 |6 8_000000000000000_BAE_2009 |7 0 |8 C |9 433173 |a BIBCUR |b BIBCUR |d 2019-11-22 |i 4602846 |o 8 BAE 2009 |p 4602846 |r 2025-04-22 |w 2019-11-22 |y BK |k INF | ||